LEADER 00901nam0-22003011i-450- 001 990001850810403321 005 20080729155430.0 035 $a000185081 035 $aFED01000185081 035 $a(Aleph)000185081FED01 035 $a000185081 100 $a20030910f1927----km-y0itay50------ba 101 0 $aita 102 $aIT 105 $ay-------001yy 200 1 $aGiudizi dei pił eminenti micologi del mondo sull'opera e sulla persona dell'abate Bresadola 210 $aTrento$cArti Grafiche A. Scotoni$d[1927?] 215 $a16 p.$d23 cm 610 0 $aBresadola, Giacomo 610 0 $aBiografia 676 $a925 801 0$aIT$bUNINA$gRICA$2UNIMARC 901 $aBK 912 $a990001850810403321 952 $a60 MISC. B 75/5$fFAGBC 959 $aFAGBC 996 $aGiudizi dei pił eminenti micologi del mondo sull'opera e sulla persona dell'abate Bresadola$9413745 997 $aUNINA